000 00638nam a2200205Ia 4500
003 GCL
008 140319s9999 xx 000 0 ara d
040 _aGCL /
_cGCL
082 0 4 _a149.1
_bج م
100 1 _aفؤاد كامل (مترجم)
245 1 0 _aالمذاهب الوجودية: من كيركجورد الى جان بول سارتر /
_cفؤاد كامل (مترجم)
700 1 _aجوليفية، زجيسى
300 _a288 ص
490 _aكتاب
_v0
650 0 4 _aالوجودية
650 0 4 _aالفلسفة الوجودية
650 0 4 _aسارتر، جان بول
650 0 4 _aالوجود
942 _2ddc
_cBK
999 _c41944
_d41944